01083cam a22002771 4500001001300000003000400013005001700017008004100034010001700075035001800092040002600110042001200136050002500148082001600173100002200189245011100211260004800322300002500370490006600395500014100461650004000602650003300642740004400675830006900719999001700788l 40000152 DLC20260227111537.0721002s1940 dcu f000 0 eng  al 40000152  a(OCoLC)420863 aDLCcOClUdOCoLCdDLC apremarc00aHD8051b.A62 no. 672 a331.06173 s1 aDawson, Marshall.10aProblems of workmen's compensation administration in the United States and Canada,cby Marshall Dawson ... aWashington,bU.S. Govt. Print. Off.,c1940. aviii, 229 p.c23 cm.1 a[United States. Bureau of Labor Statistics] Bulletinvno. 672 aAt head of title: United States Department of Labor. Frances Perkins, Secretary. Bureau of Labor Statistics. Isador Lubin, Commissioner. 0aEmployers' liabilityzUnited States 0aEmployers' liabilityzCanada0 aWorkmen's compenstation administration. 0aBulletin (United States. Bureau of Labor Statistics) ;vno. 672. c36340d36340